[Event "Oberliga Sued W 9798"]
[Site "Germany"]
[Date "1998.??.??"]
[Round "?"]
[White "Becher, Helmut"]
[Black "Bruch, Ingo"]
[Result "0-1"]
[WhiteElo "2295"]
[BlackElo "2330"]
[PlyCount "100"]
[EventDate "1997.10.??"]
[EventType "team-tourn"]
[EventRounds "9"]
[EventCountry "GER"]
[SourceTitle "EXT 2000"]
[Source "ChessBase"]
[SourceDate "1999.11.16"]
[SourceVersion "1"]
[SourceVersionDate "1999.11.16"]
[SourceQuality "1"]

1. e4 e6 2. d4 d5 3. exd5 exd5 4. Nf3 Bg4 5. h3 Bh5 6. Qe2+ Qe7 7. Be3 Nc6 8. Nc3 0-0-0 9. 0-0-0 f6 10. g4 Bf7 11. a3 Qd7 12. Nd2 Nge7 13. Nb3 Ng6 14. f4 f5 15. Qf2 Be6 16. Bd3 Be7 17. g5 h6 18. h4 h5 19. Kb1 b6 20. Bb5 Bd6 21. Rh3 Kb7 22. Qf1 Nge7 23. Na4 Ka8 24. Bc1 Qe8 25. Re1 Bd7 26. Nc3 Nb8 27. Bd3 c6 28. Nd2 Qf7 29. Nf3 g6 30. Ne5 Bxe5 31. fxe5 Be6 32. Bf4 Nd7 33. Qf2 Rhe8 34. Bf1 Nf8 35. Na2 Bc8 36. Nb4 Ne6 37. Bg2 Bb7 38. c3 c5 39. dxc5 bxc5 40. Nc2 Nc6 41. Rd3 d4 42. cxd4 Ncxd4 43. Nxd4 Rxd4 44. Rxd4 cxd4 45. Rd1 Be4+ 46. Ka1 Nxf4 47. Bxe4+ fxe4 48. Rf1 e3 49. Qf3+ Kb8 50. Qe4 e2 0-1

[Event "Oberliga Sued W 9798"]
[Site "Germany"]
[Date "1998.??.??"]
[Round "?"]
[White "Becher, Helmut"]
[Black "Traub, Boris"]
[Result "0-1"]
[WhiteElo "2295"]
[BlackElo "2200"]
[PlyCount "110"]
[EventDate "1997.10.??"]
[EventType "team-tourn"]
[EventRounds "9"]
[EventCountry "GER"]
[SourceTitle "EXT 2000"]
[Source "ChessBase"]
[SourceDate "1999.11.16"]
[SourceVersion "1"]
[SourceVersionDate "1999.11.16"]
[SourceQuality "1"]

1. e4 c6 2. d4 d5 3. exd5 cxd5 4. Bd3 Nf6 5. c3 Bg4 6. Qb3 Qc8 7. h3 Bh5 8. Bf4 Nc6 9. Nd2 e6 10. Ngf3 Be7 11. Ne5 Nxe5 12. Bxe5 0-0 13. 0-0 Bg6 14. Bxg6 hxg6 15. Nf3 a6 16. Qd1 b5 17. Qc1 Qb7 18. Bxf6 gxf6 19. Qh6 Rfd8 20. Rac1 Qc7 21. Rc2 Rac8 22. Rfc1 a5 23. Ne1 Bf8 24. Qd2 Kh7 25. Qe2 Qb8 26. Qf3 Kg7 27. Qe2 Bd6 28. Rd1 Rc6 29. g3 Rdc8 30. Rdc1 Qb6 31. Kg2 Rc4 32. Qd3 b4 33. b3 Rxc3 34. Rxc3 Rxc3 35. Rxc3 bxc3 36. Qxc3 Bb4 37. Qe3 Be7 38. Nf3 Qc6 39. Qd3 Bb4 40. Qb1 Qc3 41. h4 Ba3 42. g4 Bc1 43. g5 fxg5 44. hxg5 Kg8 45. a4 Kg7 46. Qa2 Qd3 47. Qa1 Bf4 48. Qa3 Qf5 49. b4 Bd6 50. Qb3 Bxb4 51. Qe3 Bd6 52. Ne5 Bxe5 53. dxe5 Qg4+ 54. Kf1 Qxa4 55. Qc1 Qc4+ 0-1